00606 2200193 4500001002100000005001500021035002000036007000300056008004100059020002200100082000800122084001400130100003000144245013800174250001100312260003400323300004300357650001200400INLIS00000000000025120231114120734 a0010-1123000034ta231114 g 0 ind  a978-602-344-201-0 a635 a635 LAK p0 aLaksminiwati Prabaningrum1 aPenggunaan Rumah Kaca :bSolusi Pengendalian Organisme Pengganggu Tumbuhan Pada Budidaya Tanaman Sayuran /cLaksminiwati Prabaningrum aCet. 1 aJakarta :bIAARD Press,c2018 axiv, 72 hlm, :bilus, ;c15 cm x 23 cm 4aSayuran